| 000 | 00000nas##2200000za#4500 |
| 001 | 9.515779 |
| 003 | CaOODSP |
| 005 | 20200325133238 |
| 007 | ta |
| 008 | 150406c2003||||xxc|| p #||||f| |0eng|d |
| 022 | |a1919-8396 |
| 040 | |aCaOODSP|beng |
| 043 | |an-cn--- |
| 086 | 1 |aA38-1/1E |
| 110 | 1 |aCanada.|bAgriculture and Agri-Food Canada. |bStrategic Policy Branch. |
| 245 | 13|aAn overview of the Canadian agriculture and agri-food system |
| 260 | |aOttawa - Ontario : |bAgriculture and Agri-Food Canada. |
| 310 | |aAnnual |
| 362 | 1 |a2003 -- |
| 520 | 3 |aProvides an economic overview of the Canadian agriculture and agri-food system. It is meant to be a multi-purpose reference document to provide: an introduction to the agriculture and agri-food system; a snapshot of structural changes that are occurring throughout the system in response to various factors; and background data and information to inform public discussions on challenges and opportunities facing the Canadian agriculture and agri-food system. |
| 775 | 08|tVue d'ensemble du système agricole et agroalimentaire canadien |w(CaOODSP)9.514101 |
| 776 | 0#|tAn overview of the Canadian agriculture and agri-food system |w(CaOODSP)9.505772 |